000 01035nam0a22002891 4500
001 RU\NLR\INFOCOMM_165\5000002693
005 20250613092600.0
035 _a(NLR Aleph) 009168556
090 _a8498484
_c8498484
100 _a20100218d1984 |||y0rusy50 ca
101 0 _aeng
102 _aRU
105 _aa ||||000|y
200 1 _aAcceleration of charged particles in the vicinity of a singular point of a magnetic field
_fS. V. Bulanov, F. Cap
210 _aΜ.
_d1984
215 _a68 с.
_cграф.
_d20 см
225 1 _aPreprint
_fAcad. of sciences of USSR, General physics inst.
_iPlasma physica
_vN 54
320 _aБиблиогр.: с. 61-63
606 _aЧастицы (физ.) заряженные
_xУскорение в магнитном поле
_2nlr_sh1
686 _aВ652.475.8
_2rubbk
700 1 _aBulanov
_bS. V.
_gSergej Vladimirovič
_4070
701 1 _aCap
_bF.
_f1924-
_gFerdinand
_4070
801 1 _aRU
_bNLR
_c20100218
801 0 _aRU
_bNLR
_gPSBO
852 _aNLR
_jА01 Д-4/279
942 _cBOOK
980 _aNB